Introducción a la zoogeografía

Պահպանված է:
Մատենագիտական մանրամասներ
Հիմնական հեղինակ: Müller, Paul (autor)
Ձևաչափ: Գիրք
Լեզու:իսպաներեն
Հրապարակվել է: Barcelona Blume 1979
Շարք:Blume Ecología, 4
Խորագրեր:
Ցուցիչներ: Ավելացրեք ցուցիչ
Չկան պիտակներ, Եղեք առաջինը, ով նշում է այս գրառումը!

MARC

LEADER 00000nam a2200000 a 4500
001 UCU2212
003 CL-VaPUC
008 960419e19790000SP |||||||||||||||||spa|d
082 0 4 |a 591.9  |b MUL  |2 21 
100 |a Müller, Paul  |e autor  |9 358232 
245 1 0 |a Introducción a la zoogeografía 
300 |a 232 p 
942 |c BK 
945 |d 19960419 00:00:00  |a rleighto 
260 |a Barcelona  |b Blume  |c 1979 
650 0 |a Zoogeografía  |9 261803 
650 7 |a BIOGEOGRAFIA  |2 CL-VaPUC  |9 347934 
650 7 |a BIOSFERA  |2 CL-VaPUC  |9 264378 
650 0 |a Ecosistemas  |9 261477 
650 7 |a BIOMAS  |2 CL-VaPUC  |9 358233 
650 7 |a MOSQUES  |2 CL-VaPUC  |9 358234 
650 7 |a DESIERTOS  |2 CL-VaPUC  |9 357427 
650 0 |a Ecología   |9 258124 
650 7 |a HABITAT  |2 CL-VaPUC  |9 267395 
650 0 |a Pastizales  |9 352003 
650 7 |a TUNDRA  |2 CL-VaPUC  |9 358235 
650 7 |a LAGOS  |2 CL-VaPUC  |9 261209 
650 0 |a Rios  |9 261760 
583 |a last modification  |c 19960419 00:00:00  |k Rodrigo Vera 
490 0 |a Blume Ecología, 4 
999 |c 246581  |d 246579 
952 |0 0  |1 0  |4 0  |6 591_900000000000000_MUL_1979  |7 0  |8 A  |9 261683  |a BIBCUR  |b BIBCUR  |d 2019-11-19  |i 3193721  |o 591.9 MUL 1979  |p 3193721  |r 2025-04-22  |w 2019-11-19  |y BK  |k BCB 
952 |0 0  |1 0  |4 0  |6 591_900000000000000_MUL_1979  |7 0  |8 A  |9 261684  |a BIBING  |b BIBING  |d 2019-11-19  |i 1651277  |o 591.9 MUL 1979  |p 1651277  |r 2025-01-20  |w 2019-11-19  |y BK  |k GEO